Evaluación financiera de proyectos (Registro nro. 779727)

Detalles MARC
001 - NÚMERO DE CONTROL
campo de control 1497032
005 - FECHA Y HORA DE LA ÚLTIMA TRANSACCIÓN
campo de control 20260508092602.0
008 - DATOS DE LONGITUD FIJA--INFORMACIÓN GENERAL
campo de control de longitud fija 180613s2015 spa
020 ## - NÚMERO INTERNACIONAL ESTÁNDAR DEL LIBRO
Número Internacional Estándar del Libro 9789584658661
035 ## - NÚMERO DE CONTROL DEL SISTEMA
Número de control de sistema 1497032
040 ## - FUENTE DE LA CATALOGACIÓN
Centro/agencia transcriptor comduadb
041 ## - CÓDIGO DE LENGUA
Código de lengua del texto/banda sonora o título independiente spa
080 ## - NÚMERO DE LA CLASIFICACIÓN DECIMAL UNIVERSAL
Número de la Clasificación Decimal Universal C
100 10 - ENTRADA PRINCIPAL--NOMBRE DE PERSONA
Nombre de persona Gómez Salazar, Elkin Arcesio
Código de función aut
Término indicativo de función/relación Autor/a
9 (RLIN) 239957
245 10 - MENCIÓN DE TÍTULO
Título Evaluación financiera de proyectos
260 ## - PUBLICACIÓN, DISTRIBUCIÓN, ETC.
Lugar de publicación, distribución, etc. Medellín :
Nombre del editor, distribuidor, etc. Lys Comunicación Gráfica,
Fecha de publicación, distribución, etc. 2015.
300 ## - DESCRIPCIÓN FÍSICA
Extensión 345 páginas
490 0# - MENCIÓN DE SERIE
Mención de serie Finanzas
650 #7 - PUNTO DE ACCESO ADICIONAL DE MATERIA--TÉRMINO DE MATERIA
Término de materia o nombre geográfico como elemento de entrada Planificación financiera
Fuente del encabezamiento o término lemb
9 (RLIN) 55115
650 #7 - PUNTO DE ACCESO ADICIONAL DE MATERIA--TÉRMINO DE MATERIA
Término de materia o nombre geográfico como elemento de entrada Administración financiera
Fuente del encabezamiento o término lemb
9 (RLIN) 51437
650 ## - PUNTO DE ACCESO ADICIONAL DE MATERIA--TÉRMINO DE MATERIA
Término de materia o nombre geográfico como elemento de entrada Evaluación financiera
9 (RLIN) 28661
650 #7 - PUNTO DE ACCESO ADICIONAL DE MATERIA--TÉRMINO DE MATERIA
Término de materia o nombre geográfico como elemento de entrada Evaluación de proyectos
Fuente del encabezamiento o término embne
9 (RLIN) 62679
650 ## - PUNTO DE ACCESO ADICIONAL DE MATERIA--TÉRMINO DE MATERIA
Término de materia o nombre geográfico como elemento de entrada Excel (Programa para computador)
9 (RLIN) 19892
650 ## - PUNTO DE ACCESO ADICIONAL DE MATERIA--TÉRMINO DE MATERIA
Término de materia o nombre geográfico como elemento de entrada Diagramas funcionales
9 (RLIN) 2316
650 ## - PUNTO DE ACCESO ADICIONAL DE MATERIA--TÉRMINO DE MATERIA
Término de materia o nombre geográfico como elemento de entrada Proyectos económicos
9 (RLIN) 95782
700 10 - ENTRADA AGREGADA--NOMBRE PERSONAL
Nombre de persona Díez Benjumea, Jhon Miguel
Código de función aut
Término indicativo de función/relación Autor/a
9 (RLIN) 376033
942 ## - ELEMENTOS DE ENTRADA AGREGADA (KOHA)
Tipo de ítem Koha Libros
Existencias
Estado de retiro Estado de pérdida Estado dañado No para préstamo Código de colección Localización permanente Ubicación/localización actual Fecha de adquisición Número de inventario Total de préstamos Signatura topográfica completa Código de barras Fecha visto por última vez Fecha del último préstamo Número de copia Precio válido a partir de Tipo de ítem Koha
        Colección General Centro Documentación Ingeniería (Bl. 20-146) Centro Documentación Ingeniería (Bl. 20-146) 13/06/2018 C1287151 2 C 02180 789764 29/01/2025 11/04/2024 1 04/05/2023 Libros